PSG - Top 50 meilleurs passeurs - Statistiques

Statistiques générales
  • Ce quiz a été pris 71 fois
  • Le résultat moyen est 24 sur 50
Statistiques - réponses
Nationalité Période Poste Matchs Passes décisives Réponse % Correct
France 2017 - 2024 Attaquant 308 97 Kylian Mbappé
98%
Argentine 2015 - 2022 Milieu 295 113 Ángel Di María
97%
Italie 2012 - 2023 Milieu 416 56 Marco Verratti
95%
Brésil 2017 - 2023 Attaquant 173 73 Neymar
95%
Suède 2012 - 2016 Attaquant 180 53 Zlatan Ibrahimović
95%
Argentine 2012 - 2018 Milieu 269 56 Javier Pastore
83%
Argentine 2021 - 2023 Attaquant 75 34 Lionel Messi
81%
Maroc 2021 - actuel Défenseur 188 34 Achraf Hakimi
79%
Uruguay 2013 - 2020 Attaquant 301 32 Edinson Cavani
78%
France 2023 - actuel Attaquant 118 31 Bradley Barcola
75%
France 2023 - actuel Attaquant 103 30 Ousmane Dembélé
75%
Portugal 2021 - actuel Défenseur 150 21 Nuno Mendes
73%
Portugal 2022 - actuel Milieu 170 22 Vitinha
73%
Allemagne 2017 - 2023 Milieu 197 36 Julian Draxler
71%
Espagne 2022 - actuel Milieu 144 21 Fabián Ruiz
68%
Brésil 1993 - 1998 Attaquant 215 30 Raí
65%
Italie 2012 - 2018 Milieu 231 16 Thiago Motta
65%
Brésil 2001 - 2003 Milieu 77 22 Ronaldinho
63%
France 2011 - 2017 Défenseur 295 28 Blaise Matuidi
62%
Brésil 2013 - 2018 Milieu 229 45 Lucas Moura
62%
Brésil 2012 - 2017 Défenseur 214 24 Maxwell
59%
Belgique 2016 - 2020 Défenseur 128 20 Thomas Meunier
59%
France 1992 - 1995 Attaquant 158 23 David Ginola
51%
Brésil 2010 - 2012 Milieu 112 34 Nenê
51%
Brésil 2017 - 2019 Défenseur 73 16 Daniel Alves
49%
Algérie 1974 - 1984 Milieu 310 80 Mustapha Dahleb
49%
France 2003 - 2008 Attaquant 211 18 Pauleta
48%
Yougoslavie (Bosnie) 1982 - 1991 Milieu 343 103 Safet Sušić
46%
France 2015 - 2024 Défenseur 154 16 Layvin Kurzawa
44%
France 2009 - 2014 Défenseur 198 20 Christophe Jallet
38%
France 2011 - 2014 Attaquant 110 26 Jérémy Ménez
35%
France 2004 - 2010 Milieu 180 52 Jérôme Rothen
27%
France 2004 - 2013 Défenseur 380 16 Sylvain Armand
27%
France 1980 - 1988 Attaquant 255 42 Dominique Rocheteau
24%
Bénin 2008 - 2011 Milieu 105 17 Stéphane Sessègnon
24%
France 2008 - 2011 Attaquant 125 20 Ludovic Giuly
22%
France 2012 - 2016 Défenseur 132 17 Gregory van der Wiel
21%
France 1991 - 1998 Milieu 344 39 Paul Le Guen
21%
Brésil 1991 - 1995 Milieu 153 40 Valdo
19%
France 1992 - 1998 Milieu 253 18 Vincent Guérin
19%
France 1989 - 1996 Milieu 280 24 Daniel Bravo
16%
Congo 1973 - 1979 Attaquant 217 23 François M'Pelé
14%
Algérie 1999 - 2001 Milieu 62 16 Ali Benarbia
11%
France 2002 - 2004 Attaquant 102 20 Fabrice Fiorèse
11%
France 1975 - 1989 Défenseur 435 20 Jean-Marc Pilorget
10%
France 1991 - 1994 1995 - 1998 Milieu 252 16 Laurent Fournier
8%
France 1978 - 1985 Milieu 273 16 Dominique Bathenay
5%
Tchad 1980 - 1985 Attaquant 171 21 Nabatingue Toko
5%
Argentine 1987 - 1990 Milieu 113 22 Gabriel Calderón
3%
France 1988 - 1992 Milieu 139 19 Christian Perez
2%
Aucun quiz correspondant
Distribution des résultats
% des personnes avec chaque résultat
Percentile par nombre de réponses
Votre historique - résultats
Vous n’avez pas pris ce quiz